01662cam a22003857a 4500003000500000005001700005008004100022010001000063011001000073035001000083040000900093090001000102100004900112245015200161260004000313300001900353502010000372590003700472590004100509590004100550590004100591590004200632650004200674650003700716650004200753650003700795650005200832901000700884942000900891949004300900949005500943999001700998952013301015952012801148CHAP20220329140010.0971013s1995 r 00010 d a45282 a46254 a50395 cCHAP aTesis00aMartínez Menchaca, Aarón Horacio.972279 0aCompetitividad y ventajas comparativas en la producción de maíz y frijol en la región lagunera, bajo diferentes condiciones macroeconómicas aChapingo, Méx. :bEl autor,c1995 a66 h.b: ilus. aTesis (M. C. en Economía del Desarrollo Rural) -- UACH. Departamento de Economía Agrícola aALEPHb10c20130110lUCH01h1315 aBATCH-UPDb10c20130110lUCH01h1650 aBATCH-UPDb10c20130410lUCH01h1039 aBATCH-UPDb10c20130914lUCH01h1438 aCONVERSIONb10c20130109lUCH01h132514aFrijolxAspectos económicos.94332814aFrijolxComarca Lagunera.94334814aMaízxAspectos económicos.97086514aMaízxComarca Lagunera.97090614aPolítica agrícolaxComarca Lagunera.990306 aBK cFOLL bBCcTESd-113219eTS1h28120i50395si bBCcTESd33724000006870eTS2fc.2h28121i50395si c45282d45282 00102local4053708TESISaBCbBCcPA_TESISd2019-12-31fTESISl0p33724000006870r2019-12-31 00:00:00tc.2w2019-12-31yTESIS 00102local4051708TESISaBCbBCcPA_TESISd2019-12-31fTESISl0oTesisp-113219r2019-12-31 00:00:00w2019-12-31yTESIS